Social psychology and behavior and medicine (Record no. 1454292)

MARC details
000 -LEADER
fixed length control field 00536nam a2200193Ia 4500
005 - DATE AND TIME OF LATEST TRANSACTION
control field 20250923145659.0
008 - FIXED-LENGTH DATA ELEMENTS--GENERAL INFORMATION
fixed length control field 008 250917s9999 xx 000 0 eng d
037 ## - SOURCE OF ACQUISITION
Stock number Textual
040 ## - CATALOGING SOURCE
Original cataloging agency DSWL
Language of cataloging eng
Transcribing agency DSWL
041 ## - LANGUAGE CODE
Language code of text/sound track or separate title eng
Source of code eng
084 ## - COLON CLASSIFICATION NUMBER
Classification number S8, N82
Assigning agency DSWL
245 #0 - TITLE STATEMENT
Title Social psychology and behavior and medicine
Statement of responsibility, etc. Ed. by J.R.Eiser
260 ## - PUBLICATION, DISTRIBUTION, ETC.
Place of publication, distribution, etc. New York
Name of publisher, distributor, etc. John Wiley & Sons
Date of publication, distribution, etc. 1982
300 ## - PHYSICAL DESCRIPTION
Extent xiv,588 p.
365 ## - TRADE PRICE
Price type code USD
Price amount 48.95
925 ## -
-- 48.95
942 ## - ADDED ENTRY ELEMENTS (KOHA)
Koha item type Textual
Classification part S8, N82
Holdings
Withdrawn status Lost status Damaged status Not for loan Home library Current library Date acquired Source of acquisition Inventory number Total Checkouts Full call number Barcode Date last seen Price effective from Koha item type
        Department of Social Work Library Department of Social Work Library 2025-09-23 Wiley 30876 01/02/1985   S8, N82 SW0021962 2025-09-23 2025-09-23 Textual
Copyright @ Delhi University Library System